Statistics for Top 20 Everton Goalscorers in the Premier Leauge

Click here to take the quiz!

General Stats

  • This quiz has been taken 19 times
  • The average score is 9 of 20

Answer Stats

NPlayerNationalityGoals% Correct
1Romelu LukakuBelgian68
100%
3Tim CahillAustralian56
94%
4Dominic Calvert-LewinEnglish50
88%
2Duncan FergusonScottish60
71%
18Gylfi SigurdssonIcelandic25
71%
19Seamus ColemanIrish22
65%
12Mikel ArtetaSpanish27
53%
14YakubuNigerian25
53%
8Kevin MirallasBeglian29
47%
14Wayne RooneyEnglish25
47%
8Leighton BainesEnglish29
41%
14Marouane FellainiBelgian25
41%
6Leon OsmanEnglish43
35%
11Tony CotteeEnglish28
24%
12Louis SahaFrench27
18%
8Paul RideoutEnglish29
18%
7David UnsworthEnglish33
12%
19Graham StuartEnglish22
12%
5Kevin CampbellEnglish45
12%
14Tomasz RadzinskiPolish25
12%

Score Distribution

Percentile by Number Answered

Percent of People with Each Score

Your Score History

You have not taken this quiz